Weihnachtsmann und Co KG Liedtext - Statistiken

Allgemein
  • Dieses Quiz wurde 1.089 mal gespielt
  • Das Durchschnittsergebnis liegt bei 73 aus 107
Antwortstatistiken
Antwort % Korrekt
Weihnachtsmann
99%
du
97%
Kind?
95%
ich
94%
Ich
94%
ein
92%
so
90%
und
90%
wie
87%
mir
86%
Dass
85%
dass
85%
dir
84%
Kinder
84%
alle
83%
lieben
83%
dich
82%
bist
81%
hab
81%
je
81%
Brief
79%
den
79%
geschrieben
79%
schlau
79%
auch
78%
einen
78%
genau
78%
langen
78%
sag
78%
liebst
77%
mich
77%
Fahrrad
76%
ganz
76%
von
76%
jedem
75%
gern
74%
wieso
74%
hoff
73%
die
72%
kennst
71%
Weihnachtswunsch
71%
wir
69%
recht
67%
sind
67%
gelbe
66%
weiß
65%
silber
63%
Streifen
62%
wären
62%
ist
60%
möcht
57%
Speichen
57%
es
56%
woher
56%
weit
55%
zu
53%
Weg
51%
Kein
49%
der
48%
Schlitten
46%
fern
45%
ob
45%
in
44%
nah
44%
im
43%
Weihnachtszeit
43%
beschenkst
42%
wenn
39%
zur
39%
breit
38%
schneit
37%
schon
36%
kalt
35%
jetzt
33%
bald
32%
laut
31%
Winternacht
31%
alles
29%
Kinderlachen
25%
erschallt
23%
soweit
21%
Keine übereinstimmenden Quizze gefunden
Verteilung der Resultate
Anzahl Personen mit jedem Resultat
Perzentil nach korrekt beantworteten Fragen
Ihre Resultats-Entwicklung
Sie haben dieses Quiz noch nicht gespielt